[Event "C.to Mondiale U20 femminile"]
[Site "Chennai IND"]
[Date "2011.08.14"]
[Round "12"]
[White "Supriya, Joshi"]
[Black "Brunello, Roberta"]
[Result "1/2-1/2"]
[WhiteElo "1829"]
[BlackElo "2036"]
[PlyCount "120"]
[EventDate "2011.08.02"]

1. e4 e5 2. Nf3 Nc6 3. Bb5 d6 4. c3 Nf6 5. d3 Bd7 6. Nbd2 Be7 7. O-O O-O 8. Re1
h6 9. Nf1 Nh7 10. d4 Nxd4 11. Nxd4 exd4 12. Bxd7 Qxd7 13. cxd4 d5 14. e5 Rae8
15. Ng3 Bh4 16. b3 f6 17. Ba3 Rf7 18. f4 fxe5 19. fxe5 Bxg3 20. hxg3 Ng5 21.
Rf1 Rxf1+ 22. Qxf1 Qg4 23. Qf4 Qxf4 24. gxf4 Ne6 25. g3 Nxd4 26. Rd1 Nb5 27.
Bb4 c6 28. a4 Nc7 29. f5 b6 30. Bd6 Rc8 31. b4 Kf7 32. e6+ Kf6 33. Re1 Ne8 34.
Bf8 Kxf5 35. e7 c5 36. bxc5 bxc5 37. Rf1+ Kg6 38. Kf2 Nf6 39. Ke3 Ng8 40. Kd3
Re8 41. Rc1 Nxe7 42. Bxe7 Rxe7 43. Rxc5 Rd7 44. Rc6+ Kf5 45. Kd4 h5 46. a5 g5
47. a6 Kg4 48. Rg6 Rf7 49. Kxd5 Rf3 50. Kc6 Rxg3 51. Kb7 h4 52. Kxa7 h3 53. Rh6
Ra3 54. Kb7 Kg3 55. a7 Rxa7+ 56. Kxa7 Kg2 57. Rg6 h2 58. Rxg5+ Kf2 59. Rh5 Kg2
60. Rxh2+ Kxh2 1/2-1/2